<?xml version="1.0" encoding="UTF-8"?>
<record
    xmlns:xsi="http://www.w3.org/2001/XMLSchema-instance"
    xsi:schemaLocation="http://www.loc.gov/MARC21/slim http://www.loc.gov/standards/marcxml/schema/MARC21slim.xsd"
    xmlns="http://www.loc.gov/MARC21/slim">

  <leader>01913nam a2200289 i 4500</leader>
  <controlfield tag="003">DO-SdBNP</controlfield>
  <controlfield tag="005">20240819153949.0</controlfield>
  <controlfield tag="007">ta</controlfield>
  <controlfield tag="008">240819s2024    dr ado        000 j spa d</controlfield>
  <datafield tag="020" ind1=" " ind2=" ">
    <subfield code="a">9789945919776</subfield>
  </datafield>
  <datafield tag="040" ind1=" " ind2=" ">
    <subfield code="a">DO-SdBNP</subfield>
    <subfield code="b">spa</subfield>
    <subfield code="c">BNPHU</subfield>
    <subfield code="e">rda</subfield>
  </datafield>
  <datafield tag="082" ind1=" " ind2=" ">
    <subfield code="2">22</subfield>
    <subfield code="b">S211c</subfield>
  </datafield>
  <datafield tag="100" ind1="1" ind2=" ">
    <subfield code="a">S&#xE1;nchez Q., Ceinett D.</subfield>
    <subfield code="e">autora</subfield>
    <subfield code="9">86354</subfield>
  </datafield>
  <datafield tag="245" ind1="1" ind2="0">
    <subfield code="a">Comunicaci&#xF3;n estrat&#xE9;gica :</subfield>
    <subfield code="b">para la defensa y seguridad nacional /</subfield>
    <subfield code="c">Cinett D. S&#xE1;nchez Q.</subfield>
  </datafield>
  <datafield tag="264" ind1=" " ind2="1">
    <subfield code="a">Santo Domingo :</subfield>
    <subfield code="b">UNADE,</subfield>
    <subfield code="c">2024.</subfield>
  </datafield>
  <datafield tag="300" ind1=" " ind2=" ">
    <subfield code="a">235 p&#xE1;ginas,  </subfield>
    <subfield code="b">ilustraciones, gr&#xE1;ficas, fotograf&#xED;as</subfield>
    <subfield code="c">26 cm.</subfield>
  </datafield>
  <datafield tag="336" ind1=" " ind2=" ">
    <subfield code="2">rdacontent</subfield>
    <subfield code="a">texto</subfield>
    <subfield code="b">txt</subfield>
  </datafield>
  <datafield tag="337" ind1=" " ind2=" ">
    <subfield code="2">rdamedia</subfield>
    <subfield code="a">sin mediaci&#xF3;n </subfield>
    <subfield code="b">n</subfield>
  </datafield>
  <datafield tag="338" ind1=" " ind2=" ">
    <subfield code="2">rdacarrier</subfield>
    <subfield code="a">volumen</subfield>
    <subfield code="b">nc</subfield>
  </datafield>
  <datafield tag="504" ind1=" " ind2=" ">
    <subfield code="a">Bibliograf&#xED;a p: 225-235.</subfield>
  </datafield>
  <datafield tag="520" ind1=" " ind2=" ">
    <subfield code="a">La siguiente obra, est&#xE1; sustentada en una investigaci&#xF3;n doctoral, que demuestra la incidencia de la Comunicaci&#xF3;n Estrat&#xE9;gica (CE) en el alcance de los objetivos militares de las Fuerzas Armadas dominicanas, frente a la Pandemia causada por la expansi&#xF3;n de la enfermedad COVID-19, durante el periodo marzo 2020-marzo 2022, acorde a las pol&#xED;ticas p&#xFA;blicas de defensa y seguridad nacional y el marco legal vigente en el pa&#xED;s.

El 90% de las personas consultadas en este estudio, reconoce su existencia, importancia e influencia en estrategias, planes, operaciones y t&#xE1;cticas informativas de las instituciones militares dominicanas, en especial durante situaciones de crisis. Ante la incertidumbre, la ansiedad y la necesidad de la poblaci&#xF3;n de estar bien informada, los contenidos difundidos en los medios de comunicaci&#xF3;n de las Fuerzas Armadas tambi&#xE9;n en los entornos digitales, escalaron r&#xE1;pidamente en los escenarios locales e internacionales.
</subfield>
  </datafield>
  <datafield tag="590" ind1=" " ind2=" ">
    <subfield code="a">Inventariado, 2024/ YL</subfield>
  </datafield>
  <datafield tag="650" ind1=" " ind2="4">
    <subfield code="a">Tuberculosis</subfield>
    <subfield code="x">Tratamiento</subfield>
    <subfield code="9">79001</subfield>
  </datafield>
  <datafield tag="710" ind1="1" ind2=" ">
    <subfield code="a">Universidad Nacional para la Defensa (UNADE).</subfield>
    <subfield code="9">86348</subfield>
  </datafield>
  <datafield tag="910" ind1=" " ind2=" ">
    <subfield code="a">YLockward</subfield>
  </datafield>
  <datafield tag="942" ind1=" " ind2=" ">
    <subfield code="2">ddc</subfield>
    <subfield code="c">LBS1</subfield>
  </datafield>
  <datafield tag="952" ind1=" " ind2=" ">
    <subfield code="0">0</subfield>
    <subfield code="1">0</subfield>
    <subfield code="2">ddc</subfield>
    <subfield code="5">1</subfield>
    <subfield code="7">0</subfield>
    <subfield code="8">PD</subfield>
    <subfield code="a">BNPHU</subfield>
    <subfield code="b">BNPHU</subfield>
    <subfield code="c">CT</subfield>
    <subfield code="d">2024-07-10</subfield>
    <subfield code="e">Deposito Legal</subfield>
    <subfield code="l">0</subfield>
    <subfield code="o">BNPHU PD S211c</subfield>
    <subfield code="p">2024-4925</subfield>
    <subfield code="r">2024-08-19</subfield>
    <subfield code="w">2024-08-19</subfield>
    <subfield code="y">LBS1</subfield>
  </datafield>
  <datafield tag="999" ind1=" " ind2=" ">
    <subfield code="c">57480</subfield>
    <subfield code="d">57480</subfield>
  </datafield>
</record>
